| 000 | 01809nam a2200301 i 4500 | ||
|---|---|---|---|
| 003 | DO-SdBNP | ||
| 005 | 20240806112953.0 | ||
| 006 | a||||gr|||| 00| 0 | ||
| 007 | ta | ||
| 008 | 240806e1982 dr ah||| |||| 00| e spa d | ||
| 020 | _a8460025039 | ||
| 040 |
_aDO-SdBNP _bspa _cBNPHU _erda |
||
| 082 | 4 |
_222 _bR175c |
|
| 100 | 1 |
_aRamos Pérez, Demetrio _94779 _eautor |
|
| 245 | 1 | 0 |
_aEl conflicto de las lanzas jinetas: _bel primer alzamiento en tierra americana, durante el segundo viaje colombino / _cDemetrio Ramos Pérez; introducción, Manuel Ant. García Arévalo. |
| 264 | 1 |
_aSanto Domingo : _bFundación García - Arévalo, Inc, _c1982 |
|
| 300 |
_a190 páginas : _bilustraciones, facsímil ; _c22 cm. |
||
| 336 |
_2rdacontent _atexto _btxt |
||
| 337 |
_2rdamedia _asin mediación _bn |
||
| 338 |
_2rdacarrier _avolumen _bnc |
||
| 490 |
_aInvestigaciones ; _v12 |
||
| 505 |
_aIntroducción, por manuel A. García Arévalo. _tCap. I: Los condicionamientos del segundo viaje colombino.-- Cap. II: La Veinte Lanzas Jinetas de la Hermandad.-- Cap. III: Los hombres de las lanzas y sus capitanes de procedencia.-- Cap. IV: La primera fase del conflicto de los caballeros, tras la fundación de la Isabela.-- Cap. V: Los caballeros en el Cibao: La segunda fase del conflicto.-- VI: El enfrentamiento de la Isabela: La crisis provocada por Bartolomé Colón.-- _tCap. VII: La culminación del enfrentamiento: Una lección de prudencia.-- Cap. VIII: La Primera querella inidana ante la Corte: La tramitación del caso.-- Apéndice documental.-- Índice General. |
||
| 590 | _aInventariado 2024 / MF | ||
| 650 | 4 |
_aColonización _xHistoria _941261 _zAmérica |
|
| 650 | 4 |
_aDescubrimiento y Conquista _960145 _zAmérica |
|
| 700 | 1 |
_a García Arévalo, Manuel Antonio _d1948- _959457 _eprólogo |
|
| 942 |
_2ddc _cLBS1 |
||
| 999 |
_c57382 _d57382 |
||